Quizzes
Events
Quiz Creation
Community
Videos
Private Events
Remove Ads
Sign In
Join for FREE
Feedback
Dark Mode
Quiz Categories
Sports
Geography
Music
Movies
Television
Just For Fun
Miscellaneous
History
Literature
Language
Science
Gaming
Entertainment
Religion
Holiday
For Kids
Quiz Lab
Recent
Popular Today
Quiz Kudos Today
Editor Picks
Curator Picks
Quizzes by...
Day
Popularity
Type
Ratings
Length
Year
Community
Subscriptions
Recent Discussions
Orange Saloon
Badges
Playlists
Quests
Create
Leaderboards
Showdown
Live 5
Trivia Bingo
Activity
Puzzle Library
Sporcle Events
Private Events
Virtual Trivia
Globe League
Become a Host
Pub Owners
SporcleCon
Opinionation
Our Games
Videos
Blog
Mobile Apps
Partnerships
Remove Ads and Go Orange
Feedback
Sports
Athletes
MLB
NBA
NHL
NFL
Soccer
Sports Teams
WWE
NCAA
Football
Premier League
Basketball
Baseball
Hockey
Golf
Tennis
Cricket
Rugby
Auto Racing
Olympics
World Cup
Sports
Athletes
MLB
NBA
NHL
NFL
Soccer
Sports Teams
WWE
NCAA
Football
Premier League
Basketball
Baseball
Hockey
Golf
Tennis
Cricket
Rugby
Auto Racing
Olympics
World Cup
Random Quiz
Search Sporcle
×
Quiz Lab
Quiz Lab
Sports
Nationality
Type in answers that appear in a list
Type in answers that appear in a list
Classic
Best Score? Go Orange.
MALE Wimbledon Champions Stats
Can you name the MALE Wimbledon Singles Champions?
By
keith2901
6m
43 Questions
181 Plays
181 Plays
181 Plays
Comments
Comments
Give Quiz Kudos
Give Quiz Kudos
-
- Ratings
hide this ad
Replay
Link that replays current quiz
Next Quiz
Link to next quiz in quiz playlist
You Got
0%
They Got
Avg Score
86%
Avg Friend Score
Upgrade to see
Score Distribution
Jump to the score distribution portion of the page
Score
0/43
Timer
06:00
0
Plays Today
Year
Player
% Correct
2008
Rafael Nadal
100%
2010
Rafael Nadal
100%
2003
Roger Federer
99.4%
2004
Roger Federer
99.4%
2005
Roger Federer
99.4%
2006
Roger Federer
99.4%
2007
Roger Federer
99.4%
2009
Roger Federer
99.4%
1997
Pete Sampras
98.9%
1993
Pete Sampras
98.9%
1994
Pete Sampras
98.9%
1995
Pete Sampras
98.9%
1998
Pete Sampras
98.9%
1999
Pete Sampras
98.9%
2000
Pete Sampras
98.9%
1976
Bjorn Borg
95%
1977
Bjorn Borg
95%
1978
Bjorn Borg
95%
1979
Bjorn Borg
95%
1980
Bjorn Borg
95%
1985
Boris Becker
95%
1986
Boris Becker
95%
Year
Player
% Correct
1989
Boris Becker
95%
1981
John McEnroe
93.9%
1983
John McEnroe
93.9%
1984
John McEnroe
93.9%
1992
Andre Agassi
91.2%
2002
Lleyton Hewitt
88.4%
1974
Jimmy Connors
85.1%
1982
Jimmy Connors
85.1%
1968
Rod Laver
81.2%
1969
Rod Laver
81.2%
1988
Stefan Edberg
77.3%
1990
Stefan Edberg
77.3%
1987
Pat Cash
75.7%
2001
Goran Ivanisevic
75.7%
1975
Arthur Ashe
67.4%
1991
Michael Stich
65.7%
1970
John Newcombe
50.3%
1971
John Newcombe
50.3%
1996
Richard Krajicek
47.5%
1972
Stan Smith
44.8%
1973
Jan Kodes
35.4%
Quiz Playlist
Details
Report
Send in Message
Add To Playlist
Classic:
Type in answers that appear in a list
Last Updated: Feb 16, 2017
Quiz Scoreboard
CHALLENGE
Sign Up to Join the Scoreboard
Show All
Scores
Hide
Comments
May contain spoilers
Recently Published
Decade Duel: World Leaders
by jenniferyan
History
4m
Alphabetical 'K' Countries by Flag Minefield
by ylime102
Geography
3m
Pick 6: Fruits
by JohnFran
Miscellaneous
15s
More to Explore
Quiz From the Vault
Featured Blog Post
15 Basketball Trivia Facts You Can Be March Mad About
hide this ad
You Might Also Like...
Tags
champion
male
Nationality
Player
Single
Wimbledon
Today's Top Quizzes in Sports
Browse Sports
hide this ad
Today's Top Quizzes in Nationality
Browse Nationality
Top Contributed Quizzes in Sports
1
Les joueurs à 100 buts en Ligue 1 Uber Eats
2
2022 World Cup Stars
3
Pick 6: NFL Teams
4
MLB 2 truths and a lie: Hall of Fame pitchers
5
Pick 6: Minor League Baseball
6
Millionaire: NBA Finals Edition
7
Pick 6: Olympics
8
Click the 1998 NBA Draft
9
Criteria MLB: Left Handed Sluggers
10
NBA Logic Puzzle 2.0
Explore More
Trending Topics
Crossword
NBA
Harry Potter
Anime
Disney
Kpop
Marvel
Soccer
WWE
Puzzle
NFL
The Office
Country
Pokémon
Song
hide this ad
More By:
keith2901
Quiz
Plays
Rating
Category
Featured
Created
The Ultimate Inbetweeners Quiz
9,810
1.00
Television
Mar 31, 2012
Madness - House of Fun Lyrics
562
4.33
Music
Mar 29, 2012
Name The Madness Song
486
3.00
Music
May 30, 2011
F1 Drivers Championship Winners
410
Sports
May 30, 2011
F1 Drivers 2012 World Championship
361
5.00
Sports
Mar 28, 2012
Go to Creator's Profile
Score Distribution
Quiz Creator Spotlight
keith2901
Follow
Send a Message
Quizzes Created
-
Created Quiz Play Count
-
More By This Creator
Popular Quizzes Today
1
Countries of Asia Without Outlines Minefield
2
Find the US States - No Outlines Minefield
3
Pick 6: Fruits
4
The Countries of the World
5
Alphabetical 'K' Countries by Flag Minefield
6
Find the Countries of Europe - No Outlines Minefield
7
US States
8
Find the US States
More Sports Quizzes
NBA 2019-20 Top 50 Scorers Crossword
Quiz Lab
Trending Quizzes
Pick 6: Mountains
Pick 6: Harry Potter
Pick 6: Flags
Pick 6: NFL Teams
Pick 6: Movie Franchises
Recently Updated
Adaptations: Name the Title
pecheneg
NWSL Teams
pecheneg
Women's Final Four Teams by Year
bhenderson79
Presidents Quartet II
eogle
Anything But Clue(do)
eogle
Anything But Oceanian Capitals
eogle
Anything But 7
eogle
Anything But Thing
eogle
Word Ladder: February 29
pecheneg
Song Title Questions
pecheneg
Trending Topics
Kpop
Disney
Crossword
Anime
Marvel
Harry Potter
NBA
Puzzle
NFL
Song
WWE
Soccer
Country
The Office
Pokémon
Your Account Isn't Verified!
In order to create a playlist on Sporcle, you need to verify the email address you used during registration. Go to your
Sporcle Settings
to finish the process.
Report this User
Report this user for behavior that violates our
Community Guidelines
.
Details:
Send Report
Go to the Sporcle.com Mobile Site →
Comments